Loading...

Chromosomes in evolution of eukaryotic groups V.1

Bibliographic Details
Main Author: Sharma, A.K
Format: Printed Book
Language:Undetermined
English
Published: Florida CRC Press Inc 1983
Subjects:
LEADER 00580nam a2200181Ia 4500
008 140306s9999 xx 000 0 und d
041 |a eng 
082 |a 574.8  |b SHA/CH 
100 |a Sharma, A.K 
245 |a Chromosomes in evolution of eukaryotic groups V.1 
260 |a Florida  |b CRC Press Inc  |c 1983 
300 |a 254 
365 |b Rs.689 
650 |a Cytology 
650 |a Nuclic Acids 
942 |2 ddc  |c BK 
999 |c 115235  |d 115235 
952 |0 0  |1 0  |2 ddc  |4 0  |6 574_800000000000000_SHACH  |7 0  |9 113607  |a KAUHCV  |b KAUHCV  |d 2004-04-23  |g 689.00  |o 574.8 SHA/CH  |p KAU_HCV-20995  |r 2014-03-22  |w 2014-03-22  |y BK